Asas teknologi biji benih

Bibliographic Details
Main Author: HALIMATHUL Saadiah A. Shafiei
Format: Book
Published: Kuala Lumpur : DBP , 1995
Subjects:

MARC

LEADER 00000cam a2200000 7i4500
001 0000000003
005 20000727.0
020 0 0 |a 9836245774 
090 0 0 |a 582.1304166   |b HAL 1995 
100 0 0 |a HALIMATHUL Saadiah A. Shafiei 
245 1 0 |a Asas teknologi biji benih   |c Halimathul Saadiah A. Shafiei 
260 0 0 |a Kuala Lumpur :   |b DBP ,   |c 1995 
300 |a vii, 110 p. :   |b ill. (some col.) ;   |c 22 cm. 
650 0 0 |a Germination 
650 0 0 |a Seeds   |x Anatomy 
650 0 0 |a Seeds   |x Morphology 
999 |a 0000001013   |b Monograph   |c Open Shelf   |e Default branch 
999 |a 0000001230   |b Monograph   |c Open Shelf   |e Default branch 
999 |a 0000001380   |b Monograph   |c Open Shelf   |e Default branch 
999 |a 0000001858   |b Monograph   |c Open Shelf   |e Default branch